IEDERE gebruiker met een Aanbevolen Quiz in het Nederlands - Statistieken

Algemene statistieken
  • Deze quiz is 24 keer genomen
  • De gemiddelde score is 3 van 32
Antwoordstatistieken
# Gebruiker % Correct
2 Jato3
76%
317 Nilles
14%
5 Simon1006
14%
1 BolyaiAnna
10%
2 HinesBrothers
10%
24 LyricsGeographyHistory
10%
5 Stef2
10%
1 ThatOnePunk
10%
1 Akula
5%
3 AlexanderQ
5%
1 Barker
5%
22 Barry90
5%
1 benfons
5%
1 daanone
5%
1 Dannymann
5%
7 Giorgi94
5%
18 Jerry928
5%
1 Jiaozira
5%
2 Josiah2005
5%
3 LovesPoetry
5%
3 Nathaniel
5%
1 nichster
5%
1 ponnuki
5%
1 QuantumMechanist
5%
1 scambiandJerry
5%
17 Stewart
5%
1 Stiwi99
5%
1 SWATkun
5%
1 Tristan458
5%
1 trollie
5%
1 UG332
5%
4 Yesse03
5%
Geen overeenkomende quizzen gevonden
Scoreverdeling
Procent van Mensen met Elke Score
Percentiel versus Aantal Correcte Antwoorden
Uw Scoregeschiedenis
U heeft deze quiz nog niet genomen